<?xml version="1.0" encoding="UTF-8"?>
<marc:record xmlns:marc="http://www.loc.gov/MARC21/slim">
   <marc:leader>00000nam a2200000 a 4500</marc:leader>
   <marc:datafield ind1="1" ind2=" " tag="100">
      <marc:subfield code="a">Cuir, Linda</marc:subfield>
      <marc:subfield code="4">aut</marc:subfield>
      <marc:subfield code="e">Verfasser/-in</marc:subfield>
   </marc:datafield>
   <marc:datafield ind1=" " ind2=" " tag="653">
      <marc:subfield code="a">FRAUENSCHICKSAL</marc:subfield>
   </marc:datafield>
   <marc:datafield ind1=" " ind2=" " tag="653">
      <marc:subfield code="a">Liebe</marc:subfield>
   </marc:datafield>
   <marc:datafield ind1="0" ind2="0" tag="245">
      <marc:subfield code="a">Der Himmel über Ceylon</marc:subfield>
   </marc:datafield>
   <marc:datafield ind1="0" ind2="0" tag="245">
      <marc:subfield code="c">Linda Cuir</marc:subfield>
   </marc:datafield>
   <marc:datafield ind1=" " ind2="1" tag="264">
      <marc:subfield code="a">Augsburg</marc:subfield>
      <marc:subfield code="b">Weltbild Bücherdienst</marc:subfield>
      <marc:subfield code="c">2016</marc:subfield>
   </marc:datafield>
   <marc:datafield ind1="1" ind2=" " tag="520">
      <marc:subfield code="a">Klappentext zu &#x84;Der Himmel über Ceylon&#x93; Ceylon, 1960: Der jungen Teepflückerin Anjali ist ein entbehrungsreiches Leben vorherbestimmt. Nicht nur die harte, karg bezahlte Arbeit plagt sie. Wegen ihrer für eine Hochlandtamilin ungewöhnlich hellen Haut und ihrer grünen Augen wird sie auf der Plantage als »Fluch der Götter« verspottet. Doch sie will sich nicht in ihr Schicksal fügen und kämpft mutig gegen jedes Unrecht, das sie erlebt, an. Mit ihrem unbändigen Willen und ihrer exotischen Schönheit verzaubert sie den Engländer Tom: Er besorgt ihr eine Anstellung im Haus seiner adligen Eltern. Doch auch hier gibt es Menschen, die Anjali mit Neid und Hass verfolgen, und so muss sie das Anwesen bald wieder verlassen. Schweres Unrecht und Not sollen Anjali weiterhin begleiten. Auch ahnt sie, dass ein dunkles Geheimnis ihr Leben überschattet. Doch sie gibt ihren Traum von einem besseren Leben nicht auf - ebensowenig wie den Traum, Tom, ihren einstigen Retter, wiederzusehen. Ihr Weg soll Anjali in die großen Metropolen Europas führen, wo sie Glanz und Luxus kennenlernt. Dennoch kann sie Ceylon nie vergessen, das Land, in dem sie ihr Herz verlor</marc:subfield>
   </marc:datafield>
   <marc:datafield ind1=" " ind2=" " tag="020">
      <marc:subfield code="a">9783959732512</marc:subfield>
      <marc:subfield code="9">9783959732512</marc:subfield>
   </marc:datafield>
   <marc:datafield ind1=" " ind2=" " tag="020">
      <marc:subfield code="a">3959732511</marc:subfield>
      <marc:subfield code="9">3959732511</marc:subfield>
   </marc:datafield>
   <marc:datafield ind1=" " ind2=" " tag="300">
      <marc:subfield code="a">351 S.</marc:subfield>
   </marc:datafield>
</marc:record>
